Movies That Won an Oscar - Sudden Death - Statistics

General Stats
  • This quiz has been taken 186 times
  • The average score is 5 of 18
Answers on the Grid
Answers color-coded by a green-red scale on the quiz's grid according to % correct below.
Moonlight
The Godfather Part II
The Lord of the Rings: The Fellowship of the Ring
La La Land
Jaws
Dune
The Girl with the Dragon Tattoo
Spider-Man 2
Titanic
The Sound of Music
Parasite
Bram Stoker's Dracula
Poor Things
Pan's Labyrinth
Shrek
Finding Nemo
The Boy and the Heron
Schindler's List
American Psycho
The Wolf of Wall Street
Edward Scissorhands
Lady Bird
Don't Look Up
Elvis (2022)
Rogue One
Iron Man
Glass Onion: A Knives Out Mystery
The Martian
12 Angry Men
The Color Purple (1985)
 
Answer Stats
Answer % Correct
Schindler's List
56%
Parasite
50%
Titanic
50%
La La Land
45%
The Godfather Part II
43%
Moonlight
38%
The Lord of the Rings: The Fellowship of the Ring
37%
Poor Things
29%
Jaws
27%
Dune
26%
The Sound of Music
26%
Shrek
18%
The Boy and the Heron
17%
Bram Stoker's Dracula
10%
Finding Nemo
10%
Pan's Labyrinth
10%
The Girl with the Dragon Tattoo
7%
Spider-Man 2
3%
No matching quizzes found
Score Distribution
Percent of People with Each Score
Percentile by Number Answered
Your Score History
You have not taken this quiz